[Event "Hampshire op"]
[Site "Eastleigh"]
[Date "2015.11.06"]
[Round "1"]
[White "Brown, Rowan M"]
[Black "Bogdan, Horia Daniel"]
[Result "1-0"]
[WhiteElo "2132"]
[BlackElo "1879"]
[PlyCount "48"]
[EventDate "2015.11.06"]
[EventType "swiss"]
[EventRounds "6"]
[EventCountry "ENG"]
[SourceTitle "CBM 169 Extra"]
[Source "ChessBase"]
[SourceDate "2015.12.18"]
[SourceVersion "1"]
[SourceVersionDate "2015.12.18"]
[SourceQuality "1"]

1. e4 e5 2. Nf3 Nc6 3. d4 exd4 4. Nxd4 Nf6 5. Nxc6 bxc6 6. e5 Qe7 7. Qe2 Nd5 8. c4 Nb6 9. Nc3 Qe6 10. Qe4 a5 11. Bd3 Ba6 12. b3 g6 13. 0-0 Bg7 14. f4 0-0 15. Bb2 a4 16. Rae1 Rfe8 17. Kh1 Qe7 18. f5 a3 19. Ba1 Qxe5 20. Qh4 Qd4 21. fxg6 hxg6 22. Ne4 Rxe4 23. Bxe4 Qd2 24. Bxg7 Kxg7 1-0

[Event "Guernsey op 40th"]
[Site "Vale"]
[Date "2014.10.19"]
[Round "1"]
[White "Dijksterhuis, Rolf"]
[Black "Brown, Rowan M"]
[Result "1-0"]
[WhiteElo "1971"]
[BlackElo "2195"]
[PlyCount "77"]
[EventDate "2014.10.19"]
[EventType "swiss"]
[EventRounds "7"]
[EventCountry "GCI"]
[SourceTitle "EXT 2016"]
[Source "ChessBase"]
[SourceDate "2015.10.08"]
[SourceVersion "1"]
[SourceVersionDate "2015.10.08"]
[SourceQuality "1"]

1. d4 Nf6 2. c4 c5 3. e3 g6 4. Nf3 Bg7 5. Nc3 0-0 6. Be2 b6 7. 0-0 Bb7 8. d5 d6 9. e4 b5 10. cxb5 a6 11. b6 Nbd7 12. h3 Nxb6 13. Be3 a5 14. a4 Nfd7 15. Nd2 Rb8 16. Nc4 Nxc4 17. Bxc4 Ne5 18. Bb5 c4 19. Bd4 Qc7 20. Qd2 f5 21. exf5 Rxf5 22. f4 Nd3 23. Bxg7 Qc5+ 24. Kh2 Kxg7 25. g4 Rf7 26. b3 Rbf8 27. Bxc4 Nxf4 28. Ne4 Qb4 29. Qxb4 axb4 30. Ng5 Rf6 31. Rae1 Nxd5 32. Ne6+ Rxe6 33. Rxe6 Rxf1 34. Bxf1 Kf7 35. Re4 Kf6 36. a5 e5 37. a6 Ba8 38. Bg2 Ke6 39. Rc4 1-0

[Event "Basingstoke e2e4 op"]
[Site "Basingstoke"]
[Date "2012.10.30"]
[Round "7"]
[White "Thorhallsson, Throstur"]
[Black "Brown, Rowan M"]
[Result "1-0"]
[WhiteElo "2436"]
[BlackElo "2165"]
[PlyCount "81"]
[EventDate "2012.10.27"]
[EventType "swiss"]
[EventRounds "9"]
[EventCountry "ENG"]
[SourceTitle "EXT 2013"]
[Source "ChessBase"]
[SourceDate "2012.11.22"]
[SourceVersion "1"]
[SourceVersionDate "2012.11.22"]
[SourceQuality "1"]

1. e4 d6 2. d4 Nf6 3. Nc3 g6 4. Be3 Bg7 5. Qd2 c6 6. Bd3 Ng4 7. Nf3 Nxe3 8. fxe3 Nd7 9. 0-0 0-0 10. Qf2 e5 11. Ne2 Qe7 12. Ng3 a6 13. c3 b5 14. Bc2 Nb6 15. Nd2 Be6 16. Nf5 Qd8 17. Nxg7 Kxg7 18. Qg3 f6 19. Rf2 Nc4 20. Nxc4 Bxc4 21. d5 Qa5 22. b3 Qxc3 23. Rd1 c5 24. bxc4 Qxc4 25. Qh3 Rf7 26. Qe6 Qxa2 27. Rdf1 Raf8 28. Qxd6 Qa3 29. h3 Qxe3 30. Qxa6 b4 31. Kh1 Qd4 32. Bb3 f5 33. exf5 gxf5 34. Rf3 Rf6 35. Qe2 e4 36. Rxf5 Rxf5 37. Qg4+ Kh6 38. Rxf5 Rxf5 39. Qxf5 c4 40. Bxc4 Qxc4 41. Qf6+ 1-0

[Event "Basingstoke e2e4 op"]
[Site "Basingstoke"]
[Date "2012.10.29"]
[Round "4"]
[White "Brown, Rowan M"]
[Black "Hawkins, Jonathan J"]
[Result "1/2-1/2"]
[WhiteElo "2165"]
[BlackElo "2511"]
[PlyCount "40"]
[EventDate "2012.10.27"]
[EventType "swiss"]
[EventRounds "9"]
[EventCountry "ENG"]
[SourceTitle "EXT 2013"]
[Source "ChessBase"]
[SourceDate "2012.11.22"]
[SourceVersion "1"]
[SourceVersionDate "2012.11.22"]
[SourceQuality "1"]

1. e4 c5 2. Nc3 Nc6 3. Bb5 Nd4 4. Bc4 e6 5. Nge2 Nf6 6. d3 a6 7. Nxd4 cxd4 8. Ne2 Bc5 9. Bg5 d6 10. 0-0 h6 11. Bxf6 Qxf6 12. f4 0-0 13. Qe1 Bd7 14. b4 Ba7 15. f5 Qg5 16. h4 Qe3+ 17. Kh1 h5 18. Rf3 Qh6 19. Qg3 exf5 20. Raf1 Rae8 1/2-1/2

[Event "Sas van Gent ECI op U20"]
[Site "Sas van Gent"]
[Date "1996.??.??"]
[Round "8"]
[White "Bekker Jensen, David"]
[Black "Brown, Rowan M"]
[Result "1/2-1/2"]
[WhiteElo "2200"]
[BlackElo "2145"]
[PlyCount "60"]
[EventDate "1996.??.??"]
[EventType "swiss"]
[EventRounds "9"]
[EventCountry "NED"]
[SourceTitle "EXT 1999"]
[Source "ChessBase"]
[SourceDate "1998.11.16"]
[SourceVersion "1"]
[SourceVersionDate "1998.11.16"]
[SourceQuality "1"]

1. d4 Nf6 2. c4 c5 3. d5 b5 4. cxb5 a6 5. Nc3 axb5 6. e4 b4 7. Nb5 d6 8. Bf4 g6 9. e5 Nh5 10. exd6 exd6 11. Qe2+ Kd7 12. Be3 Bg7 13. Nxd6 Kxd6 14. Bxc5+ Kc7 15. Rc1 Re8 16. Be7+ Bc3+ 17. Rxc3+ bxc3 18. d6+ Kd7 19. Qg4+ f5 20. Bb5+ Nc6 21. Qc4 Rxe7+ 22. dxe7 Qxe7+ 23. Ne2 Qe6 24. Qxe6+ Kxe6 25. Bxc6 cxb2 26. Kd2 b1Q 27. Rxb1 Rxa2+ 28. Ke3 Kd6 29. Bb5 Ba6 30. Bxa6 Rxa6 1/2-1/2

[Event "Sas van Gent ECI op U20"]
[Site "Sas van Gent"]
[Date "1996.??.??"]
[Round "3"]
[White "Bonstingl, Georg"]
[Black "Brown, Rowan M"]
[Result "0-1"]
[WhiteElo "2195"]
[BlackElo "2145"]
[PlyCount "84"]
[EventDate "1996.??.??"]
[EventType "swiss"]
[EventRounds "9"]
[EventCountry "NED"]
[SourceTitle "EXT 1998"]
[Source "ChessBase"]
[SourceDate "1997.11.17"]
[SourceVersion "1"]
[SourceVersionDate "1997.11.17"]
[SourceQuality "1"]

1. Nf3 Nf6 2. g3 g6 3. Bg2 d6 4. 0-0 Bg7 5. d3 0-0 6. e4 c5 7. Nbd2 Nc6 8. a4 Rb8 9. Nc4 e5 10. Bd2 h6 11. Qc1 Kh7 12. Nh4 Nh5 13. Qd1 Nf4 14. gxf4 Qxh4 15. fxe5 Nxe5 16. Nxd6 f5 17. Be1 Ng4 18. h3 Be5 19. Nxc8 Rbxc8 20. c3 Bf4 21. Qe2 Nh2 22. f3 Qh5 23. Rf2 Bg3 24. e5 Rcd8 25. Rd1 Rfe8 26. d4 g5 27. f4 Bxf2+ 28. Kxf2 g4 29. Rd2 Rg8 30. Ke3 Qf7 31. Bh1 Nf3 32. Bxf3 gxf3 33. Qxf3 cxd4+ 34. cxd4 Qb3+ 35. Kf2 Qxa4 36. Qxb7+ Rg7 37. b3 Qa1 38. Qb4 Rdg8 39. Re2 Rg2+ 40. Kf3 Qd1 41. Qc4 R8g7 42. b4 Qxe1 0-1

[Event "Glorney Cup U20"]
[Site "Scotland"]
[Date "1995.??.??"]
[Round "?"]
[White "Van der Erf, Remco"]
[Black "Brown, Rowan M"]
[Result "1-0"]
[WhiteElo "2140"]
[BlackElo "2150"]
[PlyCount "97"]
[EventDate "1995.??.??"]
[EventType "team"]
[EventRounds "5"]
[EventCountry "SCO"]
[SourceTitle "EXT 1999"]
[Source "ChessBase"]
[SourceDate "1998.11.16"]
[SourceVersion "1"]
[SourceVersionDate "1998.11.16"]
[SourceQuality "1"]

1. d4 Nf6 2. Nf3 g6 3. c4 Bg7 4. Nc3 d6 5. e4 0-0 6. Be2 e5 7. 0-0 Nc6 8. d5 Ne7 9. Nd2 c5 10. dxc6 bxc6 11. b4 d5 12. a4 Be6 13. Ba3 d4 14. Na2 Ne8 15. b5 f5 16. Nb4 Nd6 17. Bd3 Bh6 18. c5 Ne8 19. Bc4 Bxc4 20. Nxc4 a5 21. bxa6 fxe4 22. Qg4 Rf5 23. Qxe4 Nf6 24. Qe2 e4 25. Nd6 Re5 26. Qc4+ Nfd5 27. Bb2 Rb8 28. Nxd5 cxd5 29. Qxd4 Nc6 30. Qc3 Qh4 31. Nb5 d4 32. Qb3+ Kg7 33. Qg3 Qxg3 34. hxg3 e3 35. a7 Rf8 36. a8Q Rxa8 37. Nxd4 Kg8 38. Nxc6 Rxc5 39. Ne7+ Kf7 40. fxe3+ Ke6 41. Bd4 Rc2 42. Nxg6 hxg6 43. Rf6+ Kd5 44. Rxg6 Bf8 45. a5 Rd2 46. a6 Rd3 47. Rg8 Rxd4 48. exd4 Kxd4 49. Rf1 1-0

[Event "BCF-ch 81st"]
[Site "Norwich"]
[Date "1994.??.??"]
[Round "1"]
[White "Brown, Rowan M"]
[Black "Cooper, Lawrence"]
[Result "0-1"]
[WhiteElo "2135"]
[BlackElo "2310"]
[PlyCount "80"]
[EventDate "1994.08.??"]
[EventType "swiss"]
[EventRounds "11"]
[EventCountry "ENG"]
[SourceTitle "EXT 2000"]
[Source "ChessBase"]
[SourceDate "1999.11.16"]
[SourceVersion "1"]
[SourceVersionDate "1999.11.16"]
[SourceQuality "1"]

1. d4 Nf6 2. c4 e6 3. Nc3 Bb4 4. e3 b6 5. Bd3 Bb7 6. f3 c5 7. a3 cxd4 8. axb4 dxc3 9. bxc3 0-0 10. Ne2 d6 11. 0-0 Nbd7 12. Nd4 a6 13. e4 h6 14. Be3 Qc7 15. Nc2 Rfd8 16. Na3 Ne5 17. Bd4 Rac8 18. Rc1 Nxd3 19. Qxd3 Nd7 20. Rfd1 Bc6 21. Bf2 Ne5 22. Qd4 Rb8 23. Bg3 Ba4 24. Rd2 f6 25. f4 Nc6 26. Qe3 Ne7 27. Rb1 Be8 28. Qd3 Qc6 29. Nc2 Bf7 30. b5 Qc8 31. bxa6 Qxa6 32. Nb4 Qc8 33. f5 exf5 34. Bxd6 fxe4 35. Qe2 Rb7 36. Rbd1 Bxc4 37. Qxe4 Rbd7 38. Rd4 Rxd6 39. Rxd6 Qc5+ 40. Qd4 Rxd6 0-1